000 00475nam a22001937a 4500
003 MPLRDC
005 20220104142947.0
008 210129b ||||| |||| 00| 0 eng d
020 _a957-8693-17-6
082 _a137.1 AX-5
100 _aMASTER OSHO 奥修大师
245 _a静心冥想
_c
250 _a七刷
260 _a
_b奥修出版社
_c1996
300 _b
490 _a奥修心灵系列. 15
650 _a印度哲学泛论
942 _cBK
_o137.1 AX-5
999 _c35290
_d35280